Evaluación Inicial de Riesgo para propuesta de Reglamento Técnico Organizativo (R.T.O) de Higiene y Seguridad del Trabajo para la Empresa Cigar Box, Estelí Nicaragua
El presente estudio recoge toda la información referente a una evaluación inicial de los riesgos laborales derivados de las condiciones de trabajo en la empresa Cigar Box en la ciudad de Estelí y tuvo como objeto el análisis y evaluación de los riesgos a los cuales los colaboradores están expu...
| Main Authors: | , |
|---|---|
| Other Authors: | |
| Format: | Tesis Section = Libro |
| Language: | Undetermined Spanish |
| Published: |
Estelí
UNI/RUACS
2019
|
| Subjects: |
| LEADER | 01548nam a2200289Ia 4500 | ||
|---|---|---|---|
| 008 | 240830s9999 xx 000 0 und d | ||
| 040 | |a BIBLIOTECA-RUPAP Mon 363.11 G984 | ||
| 041 | |a spa | ||
| 082 | |a Mon 363.11 G984 | ||
| 100 | 1 | |a Gutiérrez Flores, Josseling Junieth | |
| 100 | 1 | |b Guzmán López, Yara Lisseth | |
| 245 | 1 | 0 | |a Evaluación Inicial de Riesgo para propuesta de Reglamento Técnico Organizativo (R.T.O) de Higiene y Seguridad del Trabajo para la Empresa Cigar Box, Estelí Nicaragua |
| 260 | |a Estelí |b UNI/RUACS |c 2019 | ||
| 300 | |a 203 p. :il. | ||
| 500 | |a Contiene: anexos y CD | ||
| 502 | |a Tesis (Ingeniero Industrial)- UNI, 2019. | ||
| 520 | 3 | |a El presente estudio recoge toda la información referente a una evaluación inicial de los riesgos laborales derivados de las condiciones de trabajo en la empresa Cigar Box en la ciudad de Estelí y tuvo como objeto el análisis y evaluación de los riesgos a los cuales los colaboradores están expuestos, con el fin de elaborar una propuesta de Reglamento Técnico Organizativo (R.T.O) el cual permita disminuir o eliminar las condiciones de peligro existentes dentro de las instalaciones. | |
| 650 | 7 | |a REGLAMENTO TÉCNICO ORGANIZATIVO LABORAL | |
| 650 | 7 | |b SEGURIDAD INDUSTRIAL | |
| 650 | 7 | |c ACCIDENTES DE TRABAJO-PREVENCION | |
| 650 | 7 | |d HIGIENE Y SEGURIDAD DEL TRABAJO | |
| 650 | 7 | |e SEGURIDAD OCUPACIONAL | |
| 650 | 7 | |f FABRICAS- MEDIDAS DE SEGURIDAD | |
| 700 | 1 | |a Tutor: |b Díaz Corrales, Alba Veranay | |
| 942 | |c BK |2 ddc | ||
| 991 | |a TESIS | ||
| 999 | |c 15453 | ||